[Event "Fete de l'amiante"]
[Site "Thetford Mines CAN"]
[Date "1989.07.02"]
[Round "5"]
[White "Auger, Bertrand"]
[Black "Berube, Richard"]
[Result "0-1"]
[WhiteElo "1974"]
[BlackElo "2142"]
[PlyCount "61"]
[GameId "2160767912519126"]
[EventDate "1989.06.30"]
[EventType "swiss"]
[EventRounds "5"]
[EventCountry "CAN"]
[SourceTitle "hb 2012"]

1. Nf3 Nf6 2. c4 g6 3. g3 Bg7 4. Bg2 O-O 5. O-O d6 6. d4 c6 7. Nc3 Qa5 8. d5 cxd5 9. cxd5 Bd7 10. Nd4 Rc8 11. Nb3 Qd8 12. h3 a5 13. a4 Na6 14. e4 Rc4 15. Be3 Rac8 16. Qd2 Rb4 17. Ra3 b6 18. Rd1 Nc5 19. Nxc5 bxc5 20. e5 dxe5 21. d6 e6 22. Bg5 Rd4 23. Qe2 Qb6 24. Rxd4 exd4 25. Nb5 c4 26. Rf3 Ne8 27. Qd2 Bxb5 28. axb5 Nxd6 29. Qf4 e5 30. Qg4 f5 31. Qh4 0-1

[Event "Fete de l'amiante"]
[Site "Thetford Mines CAN"]
[Date "1989.07.02"]
[Round "5"]
[White "Sauve, Richard"]
[Black "Teuton, Frank"]
[Result "1-0"]
[WhiteElo "1849"]
[BlackElo "1931"]
[PlyCount "115"]
[GameId "2160767912519127"]
[EventDate "1989.06.30"]
[EventType "swiss"]
[EventRounds "5"]
[EventCountry "CAN"]

1. Nf3 g6 2. g3 Bg7 3. Bg2 e5 4. d3 d6 5. O-O f5 6. e4 Nf6 7. Nc3 O-O 8. Bd2 h6 9. h3 g5 10. exf5 Bxf5 11. Qc1 Nc6 12. h4 g4 13. Nh2 h5 14. Bh6 Qe8 15. Bxg7 Kxg7 16. Re1 Qf7 17. Qd2 Nd4 18. Ne2 Ne6 19. c3 c6 20. Rf1 Qg6 21. Rad1 Rf7 22. Nc1 Raf8 23. Rfe1 Nc7 24. Nf1 Nd7 25. Ne3 Be6 26. Re2 d5 27. Nb3 b6 28. Qe1 a5 29. Rdd2 a4 30. Nc1 Nb5 31. Nc2 c5 32. d4 cxd4 33. cxd4 e4 34. Ne3 a3 35. Nb3 Nb8 36. Rc2 Na6 37. Bf1 Qf6 38. Red2 Nbc7 39. bxa3 Qe7 40. Qc1 Qd6 41. Rc6 Qd7 42. Rxb6 Ra8 43. Rc2 Qe7 44. Rcc6 Nb8 45. Rc2 Nba6 46. Rb7 Qf6 47. Rb6 Ra7 48. Qd2 Qd8 49. Rcc6 Nb8 50. Rd6 Qe8 51. Nc5 Bd7 52. Ng2 e3 53. Nxe3 Rxa3 54. Bd3 Nb5 55. Rg6+ Kf8 56. Nxd5 Qe1+ 57. Qxe1 Nxd4 58. Rxb8+ 1-0

[Event "Granby"]
[Site "Granby CAN"]
[Date "1989.10.14"]
[Round "1"]
[White "Frizzle, Stan"]
[Black "Morin, Louis"]
[Result "0-1"]
[WhiteElo "1502"]
[BlackElo "1902"]
[PlyCount "110"]
[GameId "2160767912502406"]
[EventDate "1989.10.14"]
[EventType "swiss"]
[EventRounds "4"]
[EventCountry "CAN"]
[SourceTitle "hb 2013"]

1. e4 e5 2. Nf3 d6 3. d4 Nf6 4. Nc3 Nbd7 5. Bg5 c6 6. Bc4 Be7 7. O-O O-O 8. a3 h6 9. dxe5 dxe5 10. Bh4 b5 11. Bxf6 Bxf6 12. Ba2 Be7 13. b4 a5 14. Rb1 Qc7 15. Re1 Nf6 16. Qc1 Kh7 17. h3 Nh5 18. Ne2 axb4 19. c4 Rxa3 20. Bb3 bxc4 21. Qxc4 Be6 22. Qc2 Bxb3 23. Rxb3 Rxb3 24. Qxb3 g6 25. Nd2 Ng7 26. Nc4 Ne6 27. Qb2 f6 28. Nc1 Rd8 29. Nb3 Rd3 30. Re2 Qd8 31. Rd2 Nf4 32. Qc2 Rxd2 33. Ncxd2 Qd7 34. Qc4 Kg7 35. Kh2 Nd3 36. f3 f5 37. Na5 Bg5 38. Ndb3 Bf4+ 39. g3 Be3 40. Qxc6 Qxc6 41. Nxc6 Kf6 42. exf5 gxf5 43. Nca5 Ke6 44. Nc4 Bd4 45. Nxd4+ exd4 46. Kg2 b3 47. Kf1 b2 48. Nd2 Kd5 49. Ke2 Nc1+ 50. Kd1 d3 51. Nb1 Nb3 52. Ke1 Kd4 53. Kf2 Nc1 54. f4 Ne2 55. h4 Nc3 0-1

[Event "Granby"]
[Site "Granby CAN"]
[Date "1989.10.14"]
[Round "2"]
[White "Morin, Louis"]
[Black "Poitras, Luc"]
[Result "0-1"]
[WhiteElo "1902"]
[BlackElo "2045"]
[PlyCount "88"]
[GameId "2160767912502407"]
[EventDate "1989.10.14"]
[EventType "swiss"]
[EventRounds "4"]
[EventCountry "CAN"]
[SourceTitle "hb 2013"]

1. e4 g6 2. d4 Bg7 3. Nc3 d6 4. Be3 Nc6 5. Qd2 e5 6. dxe5 Nxe5 7. f4 Ng4 8. Bd4 Bxd4 9. Qxd4 Qf6 10. Qd2 Be6 11. Nf3 Qe7 12. h3 N4f6 13. O-O-O O-O-O 14. g4 d5 15. e5 Ne8 16. Ng5 c6 17. Nxe6 Qxe6 18. Qd4 Kb8 19. Bd3 Ng7 20. Ne4 Qe7 21. Nd6 Ne6 22. Qf2 Nf6 23. f5 Nc7 24. exf6 Qxd6 25. fxg6 hxg6 26. g5 Ne6 27. h4 Qf4+ 28. Qxf4+ Nxf4 29. Rde1 Rde8 30. Kd2 Kc7 31. Rh2 Rxe1 32. Kxe1 Ne6 33. Re2 Kd6 34. Kf2 Rxh4 35. Kg3 Rh5 36. Kg4 Rxg5+ 37. Kh4 Rh5+ 38. Kg4 Rg5+ 39. Kh4 Rg1 40. a3 g5+ 41. Kh3 Nf4+ 42. Kh2 Nxe2 43. Bxe2 Rb1 44. b3 Ke5 0-1

[Event "Granby"]
[Site "Granby CAN"]
[Date "1989.10.15"]
[Round "4"]
[White "Morin, Louis"]
[Black "Deslandes, Raynald"]
[Result "1/2-1/2"]
[WhiteElo "1902"]
[BlackElo "1667"]
[PlyCount "90"]
[GameId "2160767912502408"]
[EventDate "1989.10.14"]
[EventType "swiss"]
[EventRounds "4"]
[EventCountry "CAN"]
[SourceTitle "hb 2013"]

1. e4 c5 2. d4 cxd4 3. c3 dxc3 4. Nxc3 Nc6 5. Nf3 d6 6. Bc4 e6 7. O-O Nf6 8. Qe2 Be7 9. Rd1 O-O 10. e5 Ne8 11. exd6 Bxd6 12. Nb5 Qe7 13. Bg5 f6 14. Nxd6 Nxd6 15. Bf4 Nxc4 16. Qxc4 Rd8 17. Be3 Kh8 18. Bc5 Qc7 19. Rxd8+ Qxd8 20. Qc2 e5 21. h3 Be6 22. a3 Rc8 23. Rd1 Qe8 24. Qe2 Qg6 25. Kh2 Qe8 26. Be3 Rd8 27. Rxd8 Qxd8 28. Qd2 Qxd2 29. Nxd2 Nd4 30. f4 Nc6 31. fxe5 fxe5 32. Ne4 Bd5 33. Nd2 Kg8 34. Kg3 Kf7 35. Kf2 Ke6 36. g3 h5 37. Nb1 a6 38. g4 hxg4 39. hxg4 Na5 40. Nd2 Nc4 41. Nxc4 Bxc4 42. Bd2 Kd5 43. Ke3 Bb5 44. Ba5 Bd7 45. g5 Bf5 1/2-1/2

[Event "Groupe Commerce"]
[Site "Thetford Mines CAN"]
[Date "1989.06.30"]
[Round "1"]
[White "Bond, Jocelyn"]
[Black "Morin, Louis"]
[Result "1/2-1/2"]
[WhiteElo "1737"]
[BlackElo "1980"]
[PlyCount "91"]
[GameId "2160767912519128"]
[EventDate "1989.06.30"]
[EventType "swiss"]
[EventRounds "5"]
[EventCountry "CAN"]
[SourceTitle "hb 2013"]

1. f4 d6 2. Nf3 Bg4 3. b3 e5 4. fxe5 dxe5 5. e4 Bc5 6. Bb2 Nc6 7. Bb5 f6 8. h3 Bxf3 9. Qxf3 Nge7 10. Nc3 a6 11. Bxc6+ Nxc6 12. O-O-O Nd4 13. Qg4 Qe7 14. Nd5 Qf7 15. Rhf1 h5 16. Qh4 O-O-O 17. g4 Ne2+ 18. Kb1 g5 19. Qe1 Nf4 20. Nxf4 exf4 21. d4 Ba7 22. Qa5 Qd7 23. Qf5 hxg4 24. hxg4 Qxf5 25. gxf5 Rhe8 26. e5 fxe5 27. dxe5 Rxd1+ 28. Rxd1 Rd8 29. Rf1 Rf8 30. f6 Kd7 31. Kc1 Ke6 32. Kd1 Be3 33. Ke2 Rd8 34. Bc3 g4 35. Rh1 Rd7 36. Rh8 Bd4 37. Bxd4 Rxd4 38. Re8+ Kf7 39. Re7+ Kf8 40. e6 b6 41. Rf7+ Ke8 42. Re7+ Kd8 43. Kf2 Rd2+ 44. Kf1 Rd1+ 45. Ke2 Rd6 46. Kf1 1/2-1/2

[Event "Groupe Commerce"]
[Site "Thetford Mines CAN"]
[Date "1989.07.01"]
[Round "2"]
[White "Morin, Louis"]
[Black "Tran, Luc"]
[Result "1-0"]
[WhiteElo "1980"]
[BlackElo "1647"]
[PlyCount "75"]
[GameId "2160767912519129"]
[EventDate "1989.06.30"]
[EventType "swiss"]
[EventRounds "5"]
[EventCountry "CAN"]
[SourceTitle "hb 2013"]

1. e4 c5 2. d4 cxd4 3. c3 d5 4. exd5 Qxd5 5. cxd4 Nc6 6. Nf3 Bg4 7. Nc3 Bxf3 8. gxf3 Qa5 9. d5 Ne5 10. Bb5+ Nd7 11. Bxd7+ Kxd7 12. O-O Nf6 13. Bf4 g5 14. Be5 Bg7 15. Qd3 h6 16. Qf5+ Ke8 17. Rfe1 Kf8 18. b4 Qd8 19. Rad1 Qc8 20. Qd3 Nh5 21. d6 exd6 22. Bxd6+ Kg8 23. Nd5 Bf8 24. Be5 Rh7 25. Kg2 a6 26. Nb6 Qc6 27. Nxa8 f6 28. Qg6+ Rg7 29. Qxh5 fxe5 30. Rc1 Qf6 31. Qg4 h5 32. Qc4+ Kh8 33. Re4 Rf7 34. Qe2 Bh6 35. Rc8+ Kg7 36. Nc7 Qf5 37. Ne8+ Kh7 38. Nd6 1-0

[Event "Groupe Commerce"]
[Site "Thetford Mines CAN"]
[Date "1989.07.01"]
[Round "3"]
[White "Lefebvre, Yves"]
[Black "Morin, Louis"]
[Result "0-1"]
[WhiteElo "1656"]
[BlackElo "1980"]
[PlyCount "74"]
[GameId "2160767912519130"]
[EventDate "1989.06.30"]
[EventType "swiss"]
[EventRounds "5"]
[EventCountry "CAN"]
[SourceTitle "hb 2013"]

1. e4 e5 2. Nf3 d6 3. d4 Nf6 4. Nc3 Nbd7 5. dxe5 dxe5 6. Bd3 c6 7. O-O Be7 8. Be3 O-O 9. h3 Qc7 10. a3 b5 11. b4 h6 12. Ne2 Kh7 13. Ng3 g6 14. c4 a6 15. Qc2 Qb8 16. Qc1 Ng8 17. Nh2 Ndf6 18. f4 exf4 19. Bxf4 Bd6 20. c5 Bxf4 21. Qxf4 Qxf4 22. Rxf4 Be6 23. Rf2 a5 24. Rb1 axb4 25. axb4 Ra3 26. Rf3 Rd8 27. Be2 Ra2 28. Rd3 Rxd3 29. Bxd3 Ra3 30. Rd1 Rb3 31. Nf3 Rxb4 32. Ne5 Ne7 33. Kf2 Nd7 34. Nxd7 Bxd7 35. Bxb5 Bxh3 36. Bxc6 Rb2+ 37. Ne2 Rxe2+ 0-1

[Event "Groupe Commerce"]
[Site "Thetford Mines CAN"]
[Date "1989.07.02"]
[Round "4"]
[White "Berube, Richard"]
[Black "Morin, Louis"]
[Result "1-0"]
[WhiteElo "2143"]
[BlackElo "1980"]
[PlyCount "131"]
[GameId "2160767912519131"]
[EventDate "1989.06.30"]
[EventType "swiss"]
[EventRounds "5"]
[EventCountry "CAN"]
[SourceTitle "hb 2013"]

1. d4 d5 2. Nf3 c5 3. c4 e6 4. cxd5 exd5 5. Nc3 Nc6 6. g3 Nf6 7. Bg2 Be7 8. O-O O-O 9. Bg5 Be6 10. dxc5 Bxc5 11. Bxf6 Qxf6 12. Nxd5 Qxb2 13. Nc7 Rad8 14. Qc1 Qxc1 15. Raxc1 b6 16. Nxe6 fxe6 17. e3 h6 18. h4 Rd6 19. Rc4 Rfd8 20. Bh3 Rf8 21. Bg2 Rfd8 22. Re4 Kf7 23. Bh3 Kf6 24. Kg2 e5 25. Nh2 h5 26. g4 g6 27. g5+ Kg7 28. Nf3 Re8 29. Rb1 Rd5 30. Rb2 Re7 31. Rb1 Bd6 32. Bc8 Rc5 33. Rd1 Bb8 34. Bd7 Nd8 35. Ba4 Nf7 36. Rd7 Rxd7 37. Bxd7 Kf8 38. Be6 Nd8 39. Bb3 Nc6 40. Ne1 Ne7 41. Nd3 Ra5 42. f4 exf4 43. Nxf4 Bxf4 44. Rxf4+ Rf5 45. Rd4 Re5 46. e4 b5 47. Kf3 a5 48. Rd8+ Kg7 49. Rd7 Kf8 50. Rd8+ Kg7 51. Re8 a4 52. Bd5 b4 53. Kf4 Rxd5 54. exd5 Nxd5+ 55. Ke5 Nc3 56. Rb8 Nxa2 57. Rb7+ Kf8 58. Kf6 Ke8 59. Kxg6 b3 60. Kh7 Nc3 61. g6 Nd5 62. g7 Nf6+ 63. Kh8 Kd8 64. g8=Q+ Nxg8 65. Kxg8 Kc8 66. Rb4 1-0

[Event "Groupe Commerce"]
[Site "Thetford Mines CAN"]
[Date "1989.07.02"]
[Round "5"]
[White "Morin, Louis"]
[Black "Poitras, Luc"]
[Result "1/2-1/2"]
[WhiteElo "1980"]
[BlackElo "2037"]
[PlyCount "95"]
[GameId "2160767912519132"]
[EventDate "1989.06.30"]
[EventType "swiss"]
[EventRounds "5"]
[EventCountry "CAN"]
[SourceTitle "hb 2013"]

1. e4 Nf6 2. Nc3 d5 3. e5 Nfd7 4. d4 e6 5. f4 c5 6. Nf3 Nc6 7. Ne2 cxd4 8. Nexd4 Bc5 9. c3 Nxd4 10. cxd4 Bb4+ 11. Bd2 Bxd2+ 12. Qxd2 Nb8 13. Bd3 Nc6 14. Rc1 Bd7 15. O-O Qb6 16. Bb1 O-O-O 17. Rc3 Kb8 18. Rfc1 Rc8 19. Rb3 Qd8 20. Bd3 Qe7 21. Bb5 Rc7 22. Bxc6 Bxc6 23. Ne1 Rhc8 24. Nd3 Ba4 25. Rxc7 Rxc7 26. Rc3 b6 27. Qc1 Bb5 28. Rxc7 Qxc7 29. Qxc7+ Kxc7 30. Nc1 Kc6 31. Kf2 Ba6 32. Ke3 Kb5 33. Nb3 Kb4 34. Nd2 Bb5 35. g3 a5 36. g4 a4 37. a3+ Ka5 38. Nf3 h6 39. g5 Bf1 40. gxh6 gxh6 41. Kd2 Bg2 42. Ng1 Kb5 43. Kc3 h5 44. h4 Ka5 45. Ne2 Bf3 46. Nc1 Be4 47. Na2 Bb1 48. Nc1 1/2-1/2

[Event "Groupe Commerce"]
[Site "Thetford Mines CAN"]
[Date "1989.07.02"]
[Round "5"]
[White "Talbot, Gerard"]
[Black "Beaudry, Marc-Andre"]
[Result "0-1"]
[WhiteElo "2006"]
[BlackElo "1950"]
[PlyCount "76"]
[GameId "2160767739911684"]
[EventDate "1989.06.30"]
[EventType "swiss"]
[EventRounds "5"]
[EventCountry "CAN"]

1. e4 c5 2. Nf3 e6 3. d4 cxd4 4. Nxd4 Nf6 5. Nc3 d6 6. Bc4 a6 7. Bb3 b5 8. O-O Be7 9. Qf3 Qc7 10. Qg3 O-O 11. Re1 b4 12. Na4 Bd7 13. Bh6 Ne8 14. Rac1 Nc6 15. Be3 Rb8 16. c3 Qb7 17. Rb1 Kh8 18. cxb4 Nxb4 19. Nc3 Nf6 20. f3 Rbc8 21. Red1 a5 22. Qe1 Qa6 23. Qf1 Qa8 24. Na4 Qb7 25. Nc3 Rfd8 26. Ndb5 Be8 27. Nd4 Ra8 28. Na4 Nxa2 29. Bxa2 Bxa4 30. Rdc1 Bd7 31. Bc4 a4 32. Bf2 d5 33. exd5 Nxd5 34. Rd1 Be8 35. Rd2 Bb4 36. Re2 Rac8 37. Re4 Nf6 38. Ba6 Qa8 {...} 0-1

[Event "Hollowach Challenge"]
[Site "Edmonton CAN"]
[Date "1989.04.??"]
[Round "3"]
[White "Frialde, Arniel"]
[Black "Thiel, Rodney"]
[Result "0-1"]
[WhiteElo "2268"]
[BlackElo "1579"]
[PlyCount "150"]
[GameId "2160767912519116"]
[EventDate "1989.07.??"]
[EventType "game"]
[EventCountry "CAN"]
[SourceTitle "Albertabase"]
[SourceDate "2003.08.17"]
[SourceVersion "1"]
[SourceVersionDate "2003.08.17"]
[SourceQuality "1"]

1. d4 Nf6 2. Bg5 c5 3. Nf3 Qb6 4. Bc1 cxd4 5. Nxd4 Nc6 6. e3 Nxd4 7. exd4 d5 8. Bd3 Bd7 9. c3 e6 10. O-O Bb5 11. Re1 Bxd3 12. Qxd3 Be7 13. Nd2 O-O 14. Nf3 Rac8 15. Ne5 h6 16. Rb1 Rfd8 17. Qf3 Rf8 18. g4 Qd8 19. Qg2 b5 20. h4 Nh7 21. g5 hxg5 22. hxg5 Bxg5 23. f4 Bf6 24. Re3 g6 25. Rh3 Bg7 26. Bd2 Nf6 27. f5 exf5 28. Bg5 Qd6 29. Bf4 Qd8 30. Kh1 Ne4 31. Rg1 Qe8 32. Qh2 Qe6 33. Bh6 Bxe5 34. dxe5 Rfe8 35. Bf4 Kf8 36. Rh7 Ke7 37. Rd1 Rg8 38. Qg1 Qc6 39. e6 Rh8 40. Qxa7+ Rc7 41. Qa3+ Kxe6 42. Rxh8 Nf2+ 43. Kg1 Nxd1 44. Re8+ Kf6 45. Be5+ Kg5 46. Qb4 Qc5+ 47. Qxc5 Rxc5 48. Bd4 Rc6 49. Re2 f4 50. Re5+ Kg4 51. Rxd5 Nxb2 52. Rxb5 Nd1 53. Rb3 Re6 54. Kf1 f3 55. a4 f2 56. Bxf2 Rf6 57. a5 Nxf2 58. Rb6 Rf5 59. Rb4+ Kg5 60. Ke2 Ng4 61. Ra4 Re5+ 62. Kd3 f5 63. a6 Re8 64. a7 Ra8 65. Kd4 f4 66. Kc5 f3 67. Kb6 f2 68. Ra1 Ne3 69. Kb7 Rxa7+ 70. Kxa7 f1=Q 71. Rxf1 Nxf1 72. c4 Ne3 73. c5 Nd5 74. Ka6 Kf4 75. Kb5 Ke4 0-1

[Event "Hull op"]
[Site "Hull CAN"]
[Date "1989.12.02"]
[Round "1"]
[White "Roy, Larry"]
[Black "Charest, Johanne"]
[Result "1/2-1/2"]
[WhiteElo "1647"]
[BlackElo "1403"]
[PlyCount "141"]
[GameId "2160767912494151"]
[EventDate "1989.12.02"]
[EventType "swiss"]
[EventRounds "5"]
[EventCountry "CAN"]

1. d4 d5 2. e3 Nf6 3. Bd3 e6 4. f4 c5 5. c3 Nc6 6. Nd2 Bd7 7. Ngf3 Bd6 8. O-O cxd4 9. cxd4 Nb4 10. Qb3 O-O 11. Be2 Qc7 12. a3 Nc6 13. Qd3 Ne7 14. Ne5 Nf5 15. Nxd7 Qxd7 16. b4 Rac8 17. Bb2 Bc7 18. g4 Nd6 19. Bf3 Bb6 20. g5 Nfe8 21. Rab1 Nf5 22. e4 dxe4 23. Nxe4 Ned6 24. Nc5 Qe7 25. Rfe1 Nh4 26. Bd5 Rc7 27. a4 Rd8 28. a5 Bxc5 29. bxc5 Ndf5 30. Be4 Qd7 31. Rbd1 Qa4 32. Bxf5 Nxf5 33. Bc3 Qa3 34. Qc4 Nd6 35. Qb4 Qxb4 36. Bxb4 Nb5 37. d5 exd5 38. Rxd5 Rcc8 39. Red1 Re8 40. Kf2 a6 41. Kf3 g6 42. Rd7 Rb8 43. h3 Kg7 44. R1d3 Kg8 45. Bd2 Rec8 46. Be3 Re8 47. h4 Kg7 48. Kg4 Re4 49. Bd4+ Nxd4 50. R3xd4 Rxd4 51. Rxd4 Rc8 52. Rd5 Rc6 53. f5 gxf5+ 54. Kxf5 Kf8 55. Re5 Kg7 56. h5 h6 57. Kg4 hxg5 58. Rxg5+ Kh6 59. Rd5 f6 60. Kh4 Kg7 61. Kg4 Kh6 62. Kf4 Rc7 63. Rf5 Rc6 64. Ke4 Rc7 65. Rxf6+ Kxh5 66. Rf5+ Kg6 67. Rd5 Kf6 68. Rd6+ Ke7 69. Rd5 Ke6 70. Re5+ Kd7 71. Kd4 1/2-1/2

[Event "Hull op"]
[Site "Hull CAN"]
[Date "1989.12.02"]
[Round "2"]
[White "Charest, Johanne"]
[Black "Mirabeau, Olivier"]
[Result "1-0"]
[WhiteElo "1403"]
[BlackElo "1642"]
[PlyCount "79"]
[GameId "2160767912494152"]
[EventDate "1989.12.02"]
[EventType "swiss"]
[EventRounds "5"]
[EventCountry "CAN"]

1. e4 c5 2. Nf3 Nc6 3. d4 cxd4 4. Nxd4 g6 5. Be3 Bg7 6. Nc3 Nf6 7. Be2 O-O 8. Rb1 d6 9. f4 Bd7 10. O-O Qa5 11. Nb3 Qd8 12. h3 Na5 13. Nd4 Rc8 14. Qd2 Nc4 15. Bxc4 Rxc4 16. f5 Qa5 17. Nb3 Qb4 18. a3 Nxe4 19. Nxe4 Qxd2 20. Nbxd2 Rxc2 21. fxg6 hxg6 22. b4 b6 23. Rfc1 Rfc8 24. Nf3 Bb2 25. Rxc2 Rxc2 26. Nd4 Bxd4 27. Bxd4 Rc4 28. Rd1 Ba4 29. Rd2 e5 30. Bxb6 axb6 31. Nxd6 Rd4 32. Rxd4 exd4 33. Kf2 Bc6 34. g3 b5 35. Ke2 Kf8 36. Kd3 Ke7 37. Ne4 Bxe4+ 38. Kxe4 f5+ 39. Kxd4 Kd6 40. h4 1-0

[Event "Hull op"]
[Site "Hull CAN"]
[Date "1989.12.03"]
[Round "4"]
[White "Charest, Johanne"]
[Black "Brice, Ron"]
[Result "0-1"]
[WhiteElo "1403"]
[BlackElo "1852"]
[PlyCount "80"]
[GameId "2160767912494154"]
[EventDate "1989.12.02"]
[EventType "swiss"]
[EventRounds "5"]
[EventCountry "CAN"]

1. e4 e6 2. d4 d5 3. e5 c5 4. c3 Nc6 5. Nf3 Bd7 6. Bd3 Qb6 7. Bc2 cxd4 8. cxd4 Bb4+ 9. Nc3 Nge7 10. O-O Na5 11. Na4 Bxa4 12. Bxa4+ Nec6 13. b3 a6 14. Be3 Qa7 15. Bxc6+ Nxc6 16. Qd3 Ba3 17. Rab1 h6 18. Bd2 Bb4 19. a3 Bxd2 20. Qxd2 O-O 21. Rfd1 Rfc8 22. Qd3 Rc7 23. h3 Rac8 24. Rdc1 Nxd4 25. Rxc7 Nxf3+ 26. Qxf3 Rxc7 27. Qd1 Qc5 28. a4 Qc3 29. Qe2 Rc6 30. Qb2 Qxb2 31. Rxb2 Rc1+ 32. Kh2 Kf8 33. f4 Ke7 34. g3 Kd7 35. Kg2 Kc6 36. b4 d4 37. Kf2 Kd5 38. a5 Kc4 39. Ke2 Rc3 40. Rd2 Rc2 0-1

[Event "Hull op"]
[Site "Hull CAN"]
[Date "1989.12.03"]
[Round "5"]
[White "Closs, Matthew"]
[Black "Charest, Johanne"]
[Result "1-0"]
[WhiteElo "1804"]
[BlackElo "1408"]
[PlyCount "113"]
[GameId "2160767912494155"]
[EventDate "1989.12.02"]
[EventType "swiss"]
[EventRounds "5"]
[EventCountry "CAN"]

1. e4 e5 2. Nf3 Nc6 3. Bb5 a6 4. Ba4 Nf6 5. d4 exd4 6. O-O Be7 7. e5 Nd5 8. Bb3 Nb6 9. Re1 O-O 10. Nxd4 Bc5 11. Nxc6 dxc6 12. Nc3 Bf5 13. Be3 Bb4 14. Qf3 Bxc3 15. Qxf5 Bxe1 16. Rxe1 Nd5 17. c3 Ne7 18. Qg4 Ng6 19. Bg5 Qe8 20. e6 Kh8 21. e7 Rg8 22. Qf5 f6 23. Bxg8 Kxg8 24. Qe6+ Kh8 25. Bd2 c5 26. Qe4 c6 27. Bf4 b6 28. Bd6 Rc8 29. h4 Ne5 30. Bxe5 fxe5 31. Qxe5 Ra8 32. h5 h6 33. Qf5 Rb8 34. Qg6 Ra8 35. Re6 Rb8 36. Qxe8+ Rxe8 37. Rxc6 Rxe7 38. Rxb6 Re1+ 39. Kh2 Re2 40. Kg3 a5 41. Kf3 Rd2 42. Rb8+ Kh7 43. Ra8 Rxb2 44. Rxa5 c4 45. Ra4 Rc2 46. Rxc4 Rxa2 47. Rc8 Ra3 48. g4 Rb3 49. Ke4 Ra3 50. c4 Ra4 51. Kd5 Ra2 52. Rf8 Rd2+ 53. Kc5 Rc2 54. f3 Rc1 55. Kd5 Rd1+ 56. Kc6 Rc1 57. c5 1-0

[Event "Interclubs Outaouais"]
[Site "Hull CAN"]
[Date "1989.03.14"]
[Round "1"]
[White "Roy, Roger"]
[Black "Businger, Don"]
[Result "1-0"]
[WhiteElo "1817"]
[BlackElo "1739"]
[PlyCount "107"]
[GameId "2160767912519608"]
[EventDate "1989.03.14"]
[EventType "team"]
[EventRounds "2"]
[EventCountry "CAN"]
[SourceTitle "FQE 03"]

1. e4 g6 2. d4 Bg7 3. Nf3 d6 4. Bc4 Nf6 5. Nc3 O-O 6. O-O a6 7. a4 Nc6 8. h3 Re8 9. Bg5 h6 10. Be3 e6 11. Qd2 Kh7 12. Rfe1 Bd7 13. Rad1 Qe7 14. e5 Ng8 15. Bd3 dxe5 16. dxe5 Rad8 17. Ne4 Qb4 18. Neg5+ hxg5 19. Nxg5+ Kh8 20. Nxf7+ Kh7 21. Ng5+ Kh8 22. Bxg6 Rf8 23. Qxb4 Nxb4 24. Bc5 Nd5 25. Bxf8 Nh6 26. Rxd5 exd5 27. e6 Bxf8 28. exd7 Rxd7 29. Re8 Kg7 30. Ne6+ Kxg6 31. Nxf8+ Kf7 32. Nxd7 Kxe8 33. Nf6+ Ke7 34. Nxd5+ Kd6 35. Ne3 Kc5 36. b3 Kd4 37. g4 Ke4 38. Kg2 Nf7 39. Kg3 Ke5 40. f4+ Ke4 41. Nf5 Nh8 42. Ne7 c5 43. g5 Nf7 44. g6 Nh6 45. g7 c4 46. bxc4 Kd4 47. g8=Q Nxg8 48. Nxg8 Kxc4 49. f5 Kd5 50. Kg4 b5 51. axb5 a5 52. Ne7+ Kd6 53. b6 a4 54. Nd5 1-0

[Event "Interclubs Outaouais"]
[Site "Hull CAN"]
[Date "1989.03.15"]
[Round "2"]
[White "Lafontaine, Claude"]
[Black "Trottier, Stephane"]
[Result "1-0"]
[WhiteElo "1716"]
[BlackElo "1600"]
[PlyCount "163"]
[GameId "2160767912519609"]
[EventDate "1989.03.14"]
[EventType "team"]
[EventRounds "2"]
[EventCountry "CAN"]
[SourceTitle "FQE 03"]

1. d4 Nf6 2. c4 e6 3. Nc3 Bb4 4. Qc2 Nc6 5. Nf3 d5 6. Bd2 O-O 7. e3 a6 8. a3 Bxc3 9. Bxc3 dxc4 10. Bxc4 b5 11. Ba2 Bb7 12. O-O Qd6 13. e4 Qe7 14. Rfe1 Qd7 15. d5 exd5 16. Bxf6 gxf6 17. Bxd5 Na5 18. Bxb7 Nxb7 19. Red1 Nd6 20. Nd4 Qe7 21. Rd3 Qxe4 22. Rg3+ Kh8 23. Qc3 Rg8 24. Ne2 Qe5 25. Rc1 Rxg3 26. Nxg3 Qxc3 27. Rxc3 Rc8 28. Rf3 f5 29. Nxf5 Nxf5 30. Rxf5 Rd8 31. g3 Kg7 32. Rc5 Rd2 33. Rxc7 Rxb2 34. Ra7 Ra2 35. Rxa6 b4 36. Kg2 bxa3 37. Kf3 Ra1 38. h4 a2 39. Kf4 h6 40. Kf5 h5 41. Kg5 Rb1 42. Rxa2 Rb5+ 43. Kf4 Kg6 44. Ra6+ f6 45. Ra4 Rf5+ 46. Ke3 Re5+ 47. Re4 Ra5 48. f3 Ra3+ 49. Kf4 Ra5 50. g4 Rb5 51. Rd4 Ra5 52. Ke3 Rb5 53. Ke4 Ra5 54. Rd5 Ra4+ 55. Rd4 Ra5 56. Kf4 Rb5 57. Rd6 Rb4+ 58. Kg3 hxg4 59. fxg4 Rb3+ 60. Kf4 Rb4+ 61. Kf3 Rb3+ 62. Ke4 Rb4+ 63. Rd4 Rb1 64. Rd5 Rb4+ 65. Kf3 Rb3+ 66. Ke4 Rb4+ 67. Rd4 Rb1 68. Kd5 Rh1 69. h5+ Kg5 70. Ke6 f5 71. gxf5 Re1+ 72. Kf7 Kxf5 73. Rd5+ Ke4 74. Rg5 Kf4 75. Rg6 Rh1 76. h6 Kf5 77. Kg7 Rd1 78. Rf6+ Kg5 79. h7 Rh1 80. Rg6+ Kf5 81. Rh6 Rg1+ 82. Kf7 1-0

[Event "Interclubs Outaouais"]
[Site "Hull CAN"]
[Date "1989.03.15"]
[Round "2"]
[White "Roy, Jean-Pierre"]
[Black "Laurin, Denys"]
[Result "0-1"]
[WhiteElo "1514"]
[BlackElo "1777"]
[PlyCount "128"]
[GameId "2160767912519610"]
[EventDate "1989.03.14"]
[EventType "team"]
[EventRounds "2"]
[EventCountry "CAN"]
[SourceTitle "FQE 03"]

1. e4 e5 2. Nf3 Nc6 3. d4 exd4 4. Nxd4 Bc5 5. Be3 Qf6 6. c3 Nge7 7. Nc2 Bxe3 8. Nxe3 d6 9. Bd3 Ne5 10. Bc2 Be6 11. Nd2 g5 12. Qe2 O-O-O 13. O-O-O h5 14. Bb3 N7g6 15. g3 Kb8 16. Bxe6 fxe6 17. f3 Rh7 18. Rhf1 Qe7 19. Nb3 Nc6 20. Nd4 Nge5 21. Nc4 Nxd4 22. Rxd4 Nc6 23. Rd2 e5 24. Ne3 Qe6 25. Nd5 Ne7 26. b3 Nxd5 27. Rxd5 Rf8 28. Kb2 Rhf7 29. Rd3 g4 30. Rf2 gxf3 31. Rdxf3 Qg4 32. Rf5 Qxe2+ 33. Rxe2 Rxf5 34. exf5 Rxf5 35. Kc2 c6 36. Kd2 Kc7 37. Ke3 Kd7 38. Rg2 Ke6 39. g4 Rg5 40. h3 d5 41. Kf3 c5 42. Re2 hxg4+ 43. hxg4 Rg8 44. Kg3 e4 45. c4 Ke5 46. cxd5 Kxd5 47. Rd2+ Ke5 48. Rd1 Rg7 49. Rd8 Rf7 50. Re8+ Kd4 51. g5 Kd3 52. Rd8+ Ke2 53. Kg4 e3 54. Rd6 Rf1 55. g6 Ke1 56. Kg3 b5 57. Kh2 Rf5 58. Kg3 e2 59. Kg4 Rf2 60. Kh3 Rf3+ 61. Kg2 Rf5 62. a3 a5 63. Rd3 Rg5+ 64. Rg3 Rxg3+ 0-1

[Event "Kanata CC Xmas op"]
[Site "Ottawa CAN"]
[Date "1989.11.27"]
[Round "1"]
[White "Pacey, Kevin"]
[Black "Nejedly, Peter"]
[Result "1-0"]
[WhiteElo "2322"]
[BlackElo "1691"]
[PlyCount "61"]
[GameId "2160767912494156"]
[EventDate "1989.11.27"]
[EventType "swiss"]
[EventRounds "3"]
[EventCountry "CAN"]

1. e4 d6 2. d4 Nf6 3. Nc3 g6 4. Nf3 Bg7 5. Be2 O-O 6. O-O Nbd7 7. e5 dxe5 8. dxe5 Ng4 9. e6 fxe6 10. Ng5 Ndf6 11. Bxg4 Qxd1 12. Bxd1 h6 13. Nge4 b6 14. Bf3 Rb8 15. Re1 Kh7 16. Nb5 Nd5 17. c3 a6 18. Nd4 Bd7 19. Ng3 Rf6 20. Bxd5 exd5 21. Rxe7 Rd8 22. Bd2 c5 23. Nf3 Bc8 24. Rae1 Rdf8 25. Re8 Bb7 26. Rxf8 Rxf8 27. Re7 Ba8 28. Ne5 h5 29. Nd7 Rd8 30. Bg5 Kg8 31. Rxg7+ 1-0

[Event "Kanata CC Xmas op"]
[Site "Ottawa CAN"]
[Date "1989.12.11"]
[Round "2"]
[White "Ficzere, Tony"]
[Black "Pacey, Kevin"]
[Result "0-1"]
[WhiteElo "1781"]
[BlackElo "2322"]
[PlyCount "50"]
[GameId "2160767912494157"]
[EventDate "1989.11.27"]
[EventType "swiss"]
[EventRounds "3"]
[EventCountry "CAN"]

1. d4 Nf6 2. c4 g6 3. Nc3 d5 4. cxd5 Nxd5 5. e4 Nxc3 6. bxc3 Bg7 7. Bc4 O-O 8. Ne2 Nc6 9. h4 e5 10. Ba3 exd4 11. Bxf8 Qxf8 12. Rb1 Qc5 13. Bd3 dxc3 14. Rb5 Qe7 15. h5 a6 16. Qa4 Rb8 17. Rb3 b5 18. Qa3 Qxa3 19. Rxa3 Nb4 20. Nc1 Be6 21. hxg6 hxg6 22. Ke2 Rd8 23. Ra5 Nxd3 24. Nxd3 Bc4 25. Rd1 c2 0-1